000
00344nam a2200145Ia 4500
008
230718s9999 xx 000 0 und d
041
_a
Eng.
082
_a
658
_b
THO-P
100
_a
Thones, 0 Garfield
245
0
_a
Parliamentary Preaders
260
_a
Pakistan
_b
Parliamentary Preaders
_c
1997
300
_a
945
650
_a
Law
999
_c
26691
_d
26691